Comedy Supp. Actor Emmy Noms (2000s) Quiz Stats

 Plays Quiz Updated Feb 26, 2020

Support Sporcle.
Go Orange.
Score 0/52 Timer 08:00
0 Plays Today
Year Nominee % Correct
2007Neil Patrick Harris
81.6%
2008Neil Patrick Harris
81.6%
2009Neil Patrick Harris
81.6%
2000Brad Garrett
73.5%
2002BRAD GARRETT
73.5%
2003BRAD GARRETT
73.5%
2004Brad Garrett
73.5%
2005BRAD GARRETT
73.5%
2006Jon Cryer
70.9%
2007Jon Cryer
70.9%
2008Jon Cryer
70.9%
2009JON CRYER
70.9%
2009Tracy Morgan
67.7%
2000David Hyde Pierce
66.9%
2001David Hyde Pierce
66.9%
2002David Hyde Pierce
66.9%
2003David Hyde Pierce
66.9%
2004DAVID HYDE PIERCE
66.9%
2005Jeremy Piven
64%
2006JEREMY PIVEN
64%
2007JEREMY PIVEN
64%
2008JEREMY PIVEN
64%
2007Rainn Wilson
63.3%
2008Rainn Wilson
63.3%
2009Rainn Wilson
63.3%
2002Bryan Cranston
61.9%
Year Nominee % Correct
2003Bryan Cranston
61.9%
2006Bryan Cranston
61.9%
2000Peter Boyle
61.6%
2001Peter Boyle
61.6%
2002Peter Boyle
61.6%
2003Peter Boyle
61.6%
2004Peter Boyle
61.6%
2005Peter Boyle
61.6%
2000SEAN HAYES
57.1%
2002Sean Hayes
57.1%
2003Sean Hayes
57.1%
2004Sean Hayes
57.1%
2005Sean Hayes
57.1%
2006Sean Hayes
57.1%
2001Sean Hayes
57.1%
2006Will Arnett
51.9%
2007Kevin Dillon
46.1%
2008Kevin Dillon
46.1%
2009Kevin Dillon
46.1%
2004Jeffrey Tambor
44.8%
2005Jeffrey Tambor
44.8%
2009Jack McBrayer
30.3%
2003John Mahoney
27.8%
2001Robert Downey, Jr.
23.9%
2000Peter MacNicol
21.4%
2001PETER MACNICOL
21.4%

You're not logged in!

Compare scores with friends on all Sporcle quizzes.
OR
Log In

From the Vault

Deleted Wikipedia Articles IV

by MoMosMoProblems

It becomes true if you add it to Wikipedia, right?
Remove Ads.
Support Sporcle.
Get the best of Sporcle when you Go Orange. This ad-free experience offers more features, more stats, and more fun while also helping to support Sporcle. Thank you for becoming a member.

Show Comments

Extras

Top Quizzes Today


Score Distribution

Your Account Isn't Verified!

In order to create a playlist on Sporcle, you need to verify the email address you used during registration. Go to your Sporcle Settings to finish the process.

Report this User

Report this user for behavior that violates our Community Guidelines.

Details: